000 00548nam a2200193Ia 4500
005 20250326123448.0
008 250326s9999 xx 000 0 und d
037 _aTextbook
040 _aFMSL
_beng
_cFMSL
041 _aeng
_2eng
084 _aX8(A).58 M1
_qFMSL
100 _aHolmes L
_999181
245 0 _aPolicy process in communist states:Politics and industrialadministration
_cHolmes L
260 _aUSA
_bUSA, Sage
_c1981
300 _a320p
490 _vVol.127
942 _cTB
_hX8(A).58 M1
999 _c1269467
_d1269467